000 01130nam a2200277 4500
001 0000021915
003 CO-CtgCURN
005 20250331183914.0
007 ta
008 160627s1991 000 0 eng d
020 _a9789682444487
040 _aCO-CtgCURN
_bspa
_ccoctgcurn
082 0 _a153.9
_bS669des
100 1 _aSánchez, Margarita A. de.
245 1 0 _aDesarrollo de habilidades del pensamiento :
_bdiscernimiento, automatizacion e inteligencia practica. Guia del instructor /
_cMargarita A. de Sánchez.
260 _aMexico :
_bEditorial Trillas,
_c1991.
300 _a411 p.
336 _2rdacontent
337 _2rdamedia
_asin mediacion
_bn
338 _2rdacarrier
_avolumen
_bnc
505 8 _aTratamiento de situaciones novedosas. Criterio triadico del discernimiento.--Automatizacion del procesamiento de la informacion.--Inteligencia practica.--Conductas inteligentes y desarrollo de habilidades del pensamiento
650 1 4 _aPsicología del aprendizaje.
908 _a160627
942 _cBK
_h153.9
_iS669des
_2ddc
999 _c17103
_d17103